The role of the health and safety manager. (Record no. 95315)

MARC details
000 -LEADER
fixed length control field 00953cam a2200265 4500
008 - FIXED-LENGTH DATA ELEMENTS--GENERAL INFORMATION
fixed length control field 090401t1995 xxu||||| |||| 00| 0 eng d
020 ## - INTERNATIONAL STANDARD BOOK NUMBER
International Standard Book Number 185953015X
035 ## - SYSTEM CONTROL NUMBER
System control number (Sirsi) u70336
041 ## - LANGUAGE CODE
Language code of text/sound track or separate title eng
050 ## - LIBRARY OF CONGRESS CALL NUMBER
Classification number 344.410465
100 ## - MAIN ENTRY--PERSONAL NAME
Personal name Watterson, Andrew
245 #4 - TITLE STATEMENT
Title The role of the health and safety manager.
260 ## - PUBLICATION, DISTRIBUTION, ETC.
Place of publication, distribution, etc. Hitchin, Herts.
Name of publisher, distributor, etc. Technical Communications (Publishing) Li
Date of publication, distribution, etc. 1995
300 ## - PHYSICAL DESCRIPTION
Extent vii,56 leaves ; 30cm.
350 ## - PRICE (NR) (BK AM CF MU VM SE) [OBSOLETE]
Price 33
490 ## - SERIES STATEMENT
Series statement Health & Safety Series - Best Practice Management Reports
520 ## - SUMMARY, ETC.
Summary, etc. Looks at the need for health and safety managers, their role in the workplace and the qualifications and skills needed to do the job.
650 ## - SUBJECT ADDED ENTRY--TOPICAL TERM
Topical term or geographic name entry element HEALTH AND SAFETY MANAGERS
650 ## - SUBJECT ADDED ENTRY--TOPICAL TERM
Topical term or geographic name entry element HEALTH AND SAFETY
9 (RLIN) 6244
650 ## - SUBJECT ADDED ENTRY--TOPICAL TERM
Topical term or geographic name entry element OCCUPATIONAL HEALTH AND SAFETY PRACTITIONERS
690 ## - LOCAL SUBJECT ADDED ENTRY--TOPICAL TERM (OCLC, RLIN)
Topical term or geographic name as entry element MANAGEMENT-BUSINESS MANAGEMENT-PROFESSIONAL PRACTICE
700 ## - ADDED ENTRY--PERSONAL NAME
Personal name Wright, Les
942 ## - ADDED ENTRY ELEMENTS (KOHA)
Suppress in OPAC 0
948 ## - LOCAL PROCESSING INFORMATION (OCLC); SERIES PART DESIGNATOR (RLIN)
c (OCLC) 04/03/1997
Holdings
Withdrawn status Lost status Source of classification or shelving scheme Damaged status Not for loan Home library Current library Shelving location Date acquired Cost, normal purchase price Total Checkouts Full call number Barcode Date last seen Date last checked out Copy number Cost, replacement price Price effective from Koha item type
    Dewey Decimal Classification     London London Folio 01/05/1995 33.00 2 F344.410465 30045692 06/08/2019 09/01/2004 1 33.00 06/08/2019 Book